| 000 -LEADER |
| fixed length control field |
00999nam a22002297a 4500 |
| 005 - DATE AND TIME OF LATEST TRANSACTION |
| control field |
20231127140135.0 |
| 008 - FIXED-LENGTH DATA ELEMENTS--GENERAL INFORMATION |
| fixed length control field |
231127b ||||| |||| 00| 0 eng d |
| 020 ## - INTERNATIONAL STANDARD BOOK NUMBER |
| International Standard Book Number |
9781597071918 |
| 040 ## - CATALOGING SOURCE |
| Transcribing agency |
KH8 |
| 082 ## - DEWEY DECIMAL CLASSIFICATION NUMBER |
| Classification number |
741.5945 STI |
| 100 ## - MAIN ENTRY--PERSONAL NAME |
| Personal name |
Stilton, Geronimo |
| Relator term |
Author |
| 245 ## - TITLE STATEMENT |
| Title |
The Coliseum con / |
| Statement of responsibility, etc. |
Geronimo Stilton |
| 260 ## - PUBLICATION, DISTRIBUTION, ETC. |
| Place of publication, distribution, etc. |
New York, |
| Name of publisher, distributor, etc. |
Papercutz, |
| Date of publication, distribution, etc. |
2009 |
| 300 ## - PHYSICAL DESCRIPTION |
| Extent |
55 pages : |
| Other physical details |
color illustrations ; |
| Dimensions |
24 cm |
| 440 ## - SERIES STATEMENT/ADDED ENTRY--TITLE |
| Title |
Geronimo Stilton graphic novel, |
| Volume/sequential designation |
#3 |
| 500 ## - GENERAL NOTE |
| General note |
"Based on an original idea by Elisabetta Dami."--Title page verso<br/>Translation of: La truffa del Colosseo |
| 520 ## - SUMMARY, ETC. |
| Summary, etc. |
This time, Bonzo and his devious cohorts travel to Rome, Italy in the year 80 AD to the opening of the Coliseum, Rome's largest amphitheatre. The first part of the evil felines' sinister scheme requires them to infiltrate the Senate by posing as nobility |
| 650 ## - SUBJECT ADDED ENTRY--TOPICAL TERM |
| Topical term or geographic name entry element |
Bandes dessinées |
| 650 ## - SUBJECT ADDED ENTRY--TOPICAL TERM |
| Topical term or geographic name entry element |
Cats Comic books, strips, etc |
| 650 ## - SUBJECT ADDED ENTRY--TOPICAL TERM |
| Topical term or geographic name entry element |
Cats Fiction |
| 942 ## - ADDED ENTRY ELEMENTS (KOHA) |
| Source of classification or shelving scheme |
|
| Koha item type |
Books - Fiction |